LIBRARY ONLINE CATALOGUE

Modern database management / (Record no. 20504)

MARC details
000 -LEADER
fixed length control field 01033cam a2200313 i 4500
001 - CONTROL NUMBER
control field 20051902
003 - CONTROL NUMBER IDENTIFIER
control field OSt
005 - DATE AND TIME OF LATEST TRANSACTION
control field 20240724151842.0
008 - FIXED-LENGTH DATA ELEMENTS--GENERAL INFORMATION
fixed length control field 171010s2019 maua b 001 0 eng
010 ## - LIBRARY OF CONGRESS CONTROL NUMBER
LC control number 2017048422
020 ## - INTERNATIONAL STANDARD BOOK NUMBER
International Standard Book Number 9780134773650
040 ## - CATALOGING SOURCE
Original cataloging agency DLC
Language of cataloging eng
Transcribing agency DLC
Description conventions rda
Modifying agency DLC
042 ## - AUTHENTICATION CODE
Authentication code pcc
050 00 - LIBRARY OF CONGRESS CALL NUMBER
Classification number QA76.9.D3
Item number H63 2020
100 1# - MAIN ENTRY--PERSONAL NAME
Personal name Hoffer, Jeffrey A.,
245 10 - TITLE STATEMENT
Title Modern database management /
Statement of responsibility, etc. Jeffrey A. Hoffer
250 ## - EDITION STATEMENT
Edition statement 13th ed.
264 #1 - PRODUCTION, PUBLICATION, DISTRIBUTION, MANUFACTURE, AND COPYRIGHT NOTICE
Place of production, publication, distribution, manufacture Boston :
Name of producer, publisher, distributor, manufacturer Pearson Education,
Date of production, publication, distribution, manufacture, or copyright notice 2020
300 ## - PHYSICAL DESCRIPTION
Extent xxxv, 552 p.
336 ## - CONTENT TYPE
Content type term text
Content type code txt
Source rdacontent
337 ## - MEDIA TYPE
Media type term unmediated
Media type code n
Source rdamedia
338 ## - CARRIER TYPE
Carrier type term volume
Carrier type code nc
Source rdacarrier
650 #0 - SUBJECT ADDED ENTRY--TOPICAL TERM
Topical term or geographic name as entry element Database management.
700 1# - ADDED ENTRY--PERSONAL NAME
Personal name Ramesh, V.
Fuller form of name (Venkataraman),
Relator term author.
700 1# - ADDED ENTRY--PERSONAL NAME
Personal name Topi, Heikki,
Relator term author.
906 ## - LOCAL DATA ELEMENT F, LDF (RLIN)
a 7
b cbc
c orignew
d 1
e ecip
f 20
g y-gencatlg
942 ## - ADDED ENTRY ELEMENTS (KOHA)
Source of classification or shelving scheme Library of Congress Classification
Koha item type General Collection
Holdings
Withdrawn status Lost status Source of classification or shelving scheme Not for loan Home library Current library Date acquired Cost, normal purchase price Total Checkouts Total Renewals Full call number Barcode Checked out Date last seen Date last checked out Price effective from Koha item type
    Library of Congress Classification   Kabarak, Main Campus Kabarak, Main Campus 24/07/2024 9334.00 3 1 QA76.9.D3 H63 2020 c.1 34154 13/10/2026 02/03/2026 02/03/2026 24/07/2024 General Collection